| 000 | 01424nam a2200265Ia 4500 | ||
|---|---|---|---|
| 999 |
_c5044 _d5044 |
||
| 003 | OSt | ||
| 005 | 20200507104651.0 | ||
| 008 | 191128s1998 ck gr 000 0 spa d | ||
| 020 | _a9588048028 | ||
| 040 |
_aCO-JMCR _cCO-JMCR |
||
| 041 | 0 | _aspa | |
| 082 | 0 | 4 |
_a307.098 / _bF825i |
| 100 | 1 |
_aFranco Silva, Francisco Javier, _eautor _94059 |
|
| 245 | 1 | 0 |
_aLa investigación regional y urbana en Colombia : _bdesarrollo y territorio (1993-1997) historia urbana, cultura, movimientos sociales, medio ambiente, investigación / _cFrancisco Javier Franco Silva |
| 250 | _aPrimera edición | ||
| 260 |
_aBogotá : _bDepartamento Nacional de Planeación : Financiera de Desarrollo Territorial, _c1998 |
||
| 300 |
_a398 páginas ; _c24 cm. |
||
| 505 | _aEspacio, cultura y sociedad -- Historia urbana -- Movimientos sociales urbanos y organizaciones populares -- Ordenamiento territorial y medio ambiente | ||
| 520 | _aEstos dos tomos reúnen los aportes más destacados que se han presentado en los seminarios nacionales sobre investigación urbana y regional. Constituyen, por tanto, un panorama de las principales preocupaciones de los investigadores. | ||
| 650 | 1 | 4 |
_aPlanificación regional _xDesarrollo urbano _94060 |
| 650 | 2 | 4 |
_aCondiciones sociales _xHistoria económica _94061 |
| 650 | 2 | 4 |
_aPlanificación participativa _xDescentralización _94062 |
| 650 | 2 | 4 |
_aOrdenamiento territorial _94063 |
| 942 |
_2ddc _cBK |
||